| 000 | 00560nam a2200181Ia 4500 | ||
|---|---|---|---|
| 001 | 16055 | ||
| 003 | GE_BSU | ||
| 008 | 181216s||||||||xx |||||||||||||| ||und|| | ||
| 040 | _cGE_BSU | ||
| 100 | _aჯაბუშანური, გაბრიელ | ||
| 245 | _aსიმღერა გაგა ნაროზაულზე | ||
| 260 | _aთბილისი | ||
| 260 | _bნაკადული | ||
| 260 | _c1964 | ||
| 300 | _a166გვ. ; 17სმ. | ||
| 653 | _aსიმღერა გაგა ნაროზაულზე | ||
| 942 | _cBK | ||
| 999 |
_c49145 _d49145 |
||